1557 1678 1616 1723 1035 1099 1684 1230 1051 1492 1777 1723 1358 1214 1342 1512 1983 1632 1032 1685 1947 1627 1064 1782 1604 1128 1223 1059 1592 1002 1282 1833 1704 1864 1820 1804 1333 1397 1288 1514 1453 1272 1493 1256 1605 1019 1774 1151 1317 1213 1564 1904 1447 1294 1480 1628 1451 1609 1232 1029 1124 1724 1901 1375 1891 1355 1605 1352 1560 1788 1455 1974 1316 1851 1448 1385 1929 1471 1986 1047 1434 1331 1661 1092 1329 1261 1296 1691 1817 1159 1422 1837 1655 1179 1154 1516 1629 1628 1530 BCNSPRNW ULIB Ver.6.0+V

เปลี่ยนเป็นภาษาไทย

Change to English
 แสดงรายละเอียดบรรณานุกรม
  กลับหน้าหลัก

Brief Record : Get Marc (ISO 2709) : E-mail record : QR code < ปิดหน้าต่าง
LEADER : 00000nam 2200000uu 4500
001    13399107815
003     ULIB
008    110204s2551||||th 000 0 tha d
020    9743483479
060  4 WY18.2^bพ953ท
110 1  เพื่อนช่วยจำ
245 00 ทบทวนการพยาบาลผู้ใหญ่ ANR=^bAdult nursing review,^cเพื่อนช่วยจำ
246 0  Adult nursing review
260    กรุงเทพฯ:^bเพื่อนช่วยจำ,^c2551
300    202 หน้า
650  7 การพยาบาลผู้ใหญ่^xข้อสอบ
710 1  เพื่อนช่วยจำ
945    ^p199^l0^i027867
945    ^p199^l0^i027866
945    ^p199^l0^i027864
945    ^p199^l0^i025948
945    ^p199^l0^i025947
945    ^p199^l0^i025946
945    ^p199^l0^i025392
945    ^p199^l0^i025945
945    ^p199^l0^i025390
945    ^p199^l0^i025391
945    ^p199^l0^i025389
945    ^p199^l0^i025388
945    ^p199^l0^i025387
945    ^p199^l0^i025386
945    ^p199^l0^i027865
945    ^p199^l0^i027863
945    ^p199^l0^i032262
945    ^p199^l0^i032263
945    ^p199^l0^i032264
945    ^p199^l0^i032265
945    ^p199^l0^i032266
945    ^p199^l0^i032267
945    ^p199^l0^i032268
945    ^p199^l0^i032269
995    ทศพร
999 ^a ใช้งานได้ทุกระบบ
รายการนี้ยังไม่มีแท็ก
คุณยังไม่ได้ล็อกอิน คุณสามารถมีกิจกรรมร่วมกับเว็บไซต์ได้ แต่ต้องล็อกอินก่อน ::
  ล็อกอิน

รายการสื่อสารสนเทศ

ลำดับที่ ประเภท เลขเรียก/บาร์โค้ด สถานที่ สถานะ
- ไม่พบข้อมูล -

BibComment


ยังไม่เคยถูกคอมเมนท์

คอมเมนท์ทรัพยากรรายการนี้
  คอมเมนท์: ทบทวนการพยาบาลผู้..


 Copyright 2026. Bcnsprnw @Library